| 000 | 01894nam a2200529 c 4500 | ||
|---|---|---|---|
| 001 | 24217 | ||
| 003 | ES-MaCES | ||
| 005 | 20150929135441.0 | ||
| 008 | 120123s2011 sp d t o000 | spa d | ||
| 017 |
_aM 463333-2011 _bDL |
||
| 020 | _a9788484173908 | ||
| 024 | 7 |
_a790-11-150-6 _2nipo |
|
| 035 | _aCES20120000336m | ||
| 040 |
_aES-MaCES _bspa _cES-MaCES |
||
| 041 | 1 |
_aspa _heng |
|
| 245 | 0 | 0 |
_aInforme sobre el trabajo en el mundo 2010 _b: ¿de una crisis a la siguiente? _c[traducción, Esther Rabasco Espáriz] |
| 260 |
_aMadrid _bMinisterio de Trabajo e Inmigración, Subdirección General de Información Administrativa y Publicaciones _c[2011] |
||
| 300 |
_a205 p. _bgráf. bl. y n. _c22 cm |
||
| 490 | 1 |
_aColección Informes OIT _v89 |
|
| 500 | _aTraducción de: World of work report 2010 | ||
| 500 | _aPosteriormente, v.a.: Ministerio de Empleo y Seguridad Social | ||
| 500 | _aLa ed. de 2012, en soporte pdf | ||
| 504 | _aBibliografía | ||
| 541 | _cGratuito | ||
| 650 | 4 |
_atrabajo _928289 |
|
| 650 | 4 |
_aempleo _928299 |
|
| 650 | 4 |
_acrisis económica _927102 |
|
| 650 | 4 |
_apérdida financiera _928136 |
|
| 650 | 4 |
_aconflicto social _927307 |
|
| 650 | 4 |
_arecuperación económica _927103 |
|
| 650 | 4 |
_aredistribución del ingreso _927110 |
|
| 650 | 4 |
_apolítica financiera _928124 |
|
| 650 | 4 |
_a2010 _931233 |
|
| 650 | 4 |
_ainforme _928986 |
|
| 653 | 1 | 0 | _aEmpleo |
| 650 | 4 |
_928300 _apolítica de empleo |
|
| 650 | 4 |
_929242 _acreación de empleos |
|
| 700 | 1 |
_aRabasco, Esther _etr. _921612 |
|
| 710 | 1 |
_aEspaña _bMinisterio de Trabajo e Inmigración _eed. _93272 |
|
| 740 | 0 | 2 | _aWorld of work report 2010 |
| 787 | 0 | _tInforme sobre el trabajo en el mundo 2012 | |
| 787 | 0 | _tWork of world report 2012 | |
| 830 | 0 |
_aColección Informes OIT _v89 _932372 |
|
| 902 | _aLIB Libro | ||
| 942 |
_2CES _cBK _h2.1. |
||
| 999 |
_c24217 _d24217 |
||